Ancient weapons of Oman. Volume 2, Firearms /
This text presents a detailed overview of the firearms used in Oman over the last four centuries. Portable firearms, rifles and cannons are all discussed in detail with supporting illustrations. The weapons described in this book are mostly from the National Museum Oman and Bait al Zubair Museum in...
المؤلف الرئيسي:
التنسيق: كتاب الكتروني
اللغة: English
منشور في:
Summertown, Oxford :
Archaeopress Archaeology,
2022.
سلاسل:
Archaeological heritage of Oman ;
9.
الموضوعات:
الوصول للمادة أونلاين: Login to view Source
الوسوم: إضافة وسم
رقم الطلب: U897
| LEADER | 01833nam a2200409 i 4500 | ||
|---|---|---|---|
| 001 | EDZ0002868631 | ||
| 003 | StDuBDS | ||
| 005 | 20230412183339.0 | ||
| 006 | m|||||o||d|||||||| | ||
| 007 | cr ||||||||||| | ||
| 008 | 220818s2022 enka fob 001|0|eng|d | ||
| 020 | |a 9781803270333 (PDF ebook) : |c No price | ||
| 040 | |a StDuBDS |b eng |c StDuBDS |e rda |e pn | ||
| 050 | 4 | |a U897 | |
| 082 | 0 | 4 | |a 623.4095353 |2 23 |
| 100 | 1 | |a Clarizia, Vincenzo, |e author. | |
| 245 | 1 | 0 | |a Ancient weapons of Oman. |n Volume 2, |p Firearms / |c Vincenzo Clarizia. |
| 246 | 3 | 0 | |a Firearms |
| 264 | 1 | |a Summertown, Oxford : |b Archaeopress Archaeology, |c 2022. | |
| 300 | |a 1 online resource (190 pages) : |b illustrations (colour). | ||
| 336 | |a text |2 rdacontent | ||
| 336 | |a still image |2 rdacontent | ||
| 337 | |a computer |2 rdamedia | ||
| 338 | |a online resource |2 rdacarrier | ||
| 490 | 1 | |a The archaeological heritage of Oman ; |v 9 | |
| 500 | |a Also issued in print: 2022. | ||
| 504 | |a Includes bibliographical references and index. | ||
| 520 | 8 | |a This text presents a detailed overview of the firearms used in Oman over the last four centuries. Portable firearms, rifles and cannons are all discussed in detail with supporting illustrations. The weapons described in this book are mostly from the National Museum Oman and Bait al Zubair Museum in Muscat. | |
| 521 | |a Specialized. | ||
| 588 | |a Description based on online resource; title from home page (viewed on September 23, 2022). | ||
| 650 | 0 | |a Firearms |z Oman |x History. | |
| 776 | 0 | 8 | |i Print version : |z 9781803270326 |
| 830 | 0 | |a Archaeological heritage of Oman ; |v 9. | |
| 856 | 4 | 0 | |u http://library.arce.org:8087/Archaeopress/Products/9781803270326 |
| 942 | |2 lcc |c EBOOK | ||
| 952 | |0 0 |1 0 |4 0 |6 U0897 |7 1 |9 46959 |a ARCH |b ARCH |d 2023-04-12 |l 0 |o U897 |r 2023-04-12 00:00:00 |w 2023-04-12 |y EBOOK | ||
| 999 | |c 52617 |d 52617 | ||
